Statistics for NBA Season Assist Leaders

Click here to take the quiz!

General Stats

  • This quiz has been taken 1,924 times
    (1,416 since last reset)
  • The average score is 45 of 68

Answer Stats

YearTeamAnswer% Correct
2008-09HornetsChris Paul
98%
2014-15ClippersChris Paul
98%
2013-14ClippersChris Paul
98%
2007-08HornetsChris Paul
98%
2016-17RocketsJames Harden
98%
2004-05SunsSteve Nash
97%
2006-07SunsSteve Nash
97%
2005-06SunsSteve Nash
97%
2009-10SunsSteve Nash
97%
2010-11SunsSteve Nash
97%
1994-95JazzJohn Stockton
96%
1987-88JazzJohn Stockton
96%
1988-89JazzJohn Stockton
96%
1989-90JazzJohn Stockton
96%
1990-91JazzJohn Stockton
96%
1991-92JazzJohn Stockton
96%
1992-93JazzJohn Stockton
96%
1993-94JazzJohn Stockton
96%
1995-96JazzJohn Stockton
96%
1985-86LakersMagic Johnson
95%
1983-84LakersMagic Johnson
95%
1986-87LakersMagic Johnson
95%
1982-83LakersMagic Johnson
95%
1998-99SunsJason Kidd
94%
1999-00SunsJason Kidd
94%
2000-01SunsJason Kidd
94%
2002-03NetsJason Kidd
94%
2003-04NetsJason Kidd
94%
2011-12CelticsRajon Rondo
91%
2012-13CelticsRajon Rondo
91%
2015-16KingsRajon Rondo
91%
1984-85PistonsIsiah Thomas
90%
1967-68RoyalsOscar Robertson
81%
1961-62RoyalsOscar Robertson
81%
1963-64RoyalsOscar Robertson
81%
1968-69RoyalsOscar Robertson
81%
1964-65RoyalsOscar Robertson
81%
1965-66RoyalsOscar Robertson
81%
1960-61RoyalsOscar Robertson
81%
1959-60CelticsBob Cousy
77%
1953-54CelticsBob Cousy
77%
1958-59CelticsBob Cousy
77%
1957-58CelticsBob Cousy
77%
1956-57CelticsBob Cousy
77%
1955-56CelticsBob Cousy
77%
1954-55CelticsBob Cousy
77%
1952-53CelticsBob Cousy
77%
1971-72LakersJerry West
59%
2001-02CavaliersAndre Miller
41%
1996-97Nuggets/PacersMark Jackson
38%
1972-73KingsNate Archibald
26%
1997-98WizardsRod Strickland
17%
1980-81BulletsKevin Porter
11%
1974-75BulletsKevin Porter
11%
1977-78Nets/PistonsKevin Porter
11%
1978-79PistonsKevin Porter
11%
1969-70SonicsLenny Wilkens
10%
1966-67BullsGuy Rodgers
7%
1962-63WarriorsGuy Rodgers
7%
1981-82SpursJohnny Moore
6%
1979-80KnicksMichael Ray Richardson
6%
1950-51WarriorsAndy Phillip
4%
1951-52WarriorsAndy Phillip
4%
1949-50StaggsAndy Phillip
4%
1976-77PacersDon Buse
4%
1970-71RoyalsNorm Van Lier
4%
1973-74BravesErnie DiGregorio
3%
1975-76SonicsSlick Watts
3%

Score Distribution

Percentile by Number Answered

Percent of People with Each Score

Your Score History

You have not taken this quiz since the last reset